000
00296nam a2200121Ia 4500
008
190216s9999||||xx |||||||||||||| ||und||
100
_a
Jain N K And Kulshreshtha
245
0
_a
Fundamental Electrical Technology
260
_b
Umesh Pub
_c
1997
300
_a
470p
650
_a
Physics
942
_c
BK
999
_c
33386
_d
33386